| 000 | 00344cam a22001217a 4500 | ||
|---|---|---|---|
| 008 | 180718b1955 xxu||||| |||| 00| 0 eng d | ||
| 082 | _aH22x5451 H995 | ||
| 245 | _aThe Hyderabad High Court rules, 1954 | ||
| 260 |
_aHyderabad _bHigh Court _c1955 |
||
| 300 | _a2vols. | ||
| 500 | _aContents: v.1. 390p;v.2. 426p. | ||
| 700 | _aHyderabad. High Court | ||
| 999 |
_c397787 _d397787 |
||